00761nam a22001697a 4500003000900000005001700009008004100026040001300067100002600080245009700106260003400203300004100237520018400278942001200462999001700474952010000491IT-RoPau20220918181109.0130624b xxu||||| |||| 00| 0 eng d cIT-RoPau aRocca, Giancarlo9716 aLa formazione della Pia Società San Paolo (1914-1927)bAppunti e documenti per una storia. aRomab1982cTipografia P.U.G. a690 pp.c24 cmeCopia con correzioni aIndice Introduzione Parte prima: La buona stampa nei primi decenni del sec. XX Parte seconda: Cronologia e fatti salienti Parte terza: Questioni particolari Conclusione Documenti 2ddccBK c98806d98806 00102ddc406P_E171aPAULUSbPAULUSd2013-06-24l0oP E1r2013-06-24 00:00:00w2013-06-24yBK